000 00826nam a2200229Ia 4500
001 A940-35638
003 IT-CnALBA
008 170116s9999||||xx |||||||||||||| ||und||
040 _aIT-CnALBA
_cIT-CnALBA
041 _aLATINO
100 _aLIVIO TITO
245 0 _aTITI LIVII PATAVINI HISTORIE ROMANAE TOMUS PRIMUS.
250 _a1a ed.
260 _a PD, FERRARA
_bMANFRÈ J. TYP. SEMIN.
_c1718 [1° Ed.:1718 - Ed.Ling.Originale: 1718]
300 _a799 p.
500 _aPRIMA DECADE. LIBRI I X. STORIA ROMANA, DALLA FONDAZIONE DI ROMA.
501 _aSocietà San Paolo EM - Piazza San Paolo, 14 - 12051 ALBA (CN) (non commercial uses only) ® Copyright 2017
520 _aPRIMA DECADE. LIBRI I X. STORIA ROMANA, DALLA FONDAZIONE DI ROMA.
650 _aSTORIA ANTICA
942 _cBK
957 _71
999 _a40402
_bSI
_g Copie: 1
_c294465
_d294465